Réglementation du travail et de l'emploi

Gorde:
Xehetasun bibliografikoak
Egile nagusia: Blaise, Jean (Egilea)
Formatua: Liburua
Hizkuntza:frantsesa
Argitaratua: París Dalloz 1966
Saila:Traité de Droit du Travail, 3
Gaiak:
Etiketak: Etiketa erantsi
Etiketarik gabe, Izan zaitez lehena erregistro honi etiketa jartzen!

MARC

LEADER 00000nam a2200000 a 4500
001 UCS2536
003 CL-VaPUC
008 970604e19660000FR |||||||||||||||||fre|d
082 0 4 |a 344.01  |b BLA  |2 21 
100 0 |a Blaise, Jean  |e author  |9 388085 
245 1 0 |a Réglementation du travail et de l'emploi 
300 |a 439 p 
942 |c BK 
945 |d 19970604 00:00:00  |a paguirre 
260 |a París  |b Dalloz  |c 1966 
650 7 |a DERECHO LABORAL  |2 CL-VaPUC  |9 15 
650 7 |a CONTRATO DE TRABAJO  |2 CL-VaPUC  |9 388086 
650 7 |a JORNADA DE TRABAJO  |2 CL-VaPUC  |9 388087 
650 7 |a REMUNERACIONES  |2 CL-VaPUC  |9 371777 
650 0 |a Descanso remunerado  |9 388088 
650 0 |a Condiciones de trabajo   |9 359118 
650 0 |a Seguridad en el trabajo  |9 339687 
651 0 |a Francia  |9 255157 
583 |a last modification  |c 20170712 04:02:01  |k Rodrigo Vera 
490 0 |a Traité de Droit du Travail, 3 
999 |c 260482  |d 260480 
952 |0 0  |1 0  |4 0  |6 344_010000000000000_BLA_1966  |7 0  |8 A  |9 286649  |a BIBDER  |b BIBDER  |d 2019-11-19  |i 1859935  |o 344.01 BLA 1966  |p 1859935  |r 2019-11-19  |w 2019-11-19  |y BK  |k DER